000 00591nam a2200193Ia 4500
005 20250508163602.0
008 008 250505s9999 xx 000 0 eng d
037 _aDissertations
040 _aFEDL
_beng
_cFEDL
041 _aeng
_2eng
084 _a371.2, YAD/DI
_qFEDL
100 _aYadav M P
_9775683
245 0 _aStudy of the leadership patterns of the principals with reference to leadership grid theory
260 _c1996
300 _aiv,128p.
546 _aM. Phil Dissertation (Delhi University)
942 _cDIS
_h371.2, YAD/DI
999 _c1384217
_d1384217